The Best Shake it Up Trivia! Quiz Stats

Quiz not verified by Sporcle

Challenge
Share
Tweet
Embed
Score 0/25 Timer 05:00
0 Plays Today
Question Answer % Correct
Red-haired main characterCece Jones
94.5%
Brown-haired main characterRocky Blue
92.1%
Cece's BrotherFlynn Jones
86.9%
Rocky's BrotherTy Blue
85.5%
Where does Shake it Up take place?Chicago
70%
Host of Shake it UpGary Wilde
68.9%
Ty, Cece and Rocky's friendDeuce Martinez
61.6%
Frenemies of Cece and RockyGunther and Tinka
59.4%
What is Mrs. Jones' job?Police officer
57.9%
What did Rocky and 'The Complication' do to their vice-principal's office?Bubble Wrap
43.6%
What piece of clothing does Ty wear in almost every episode?a Tie
38.9%
Who always beats Rocky in everything?Candy
37.7%
Where did Flynn really want to go on vacation?The Grand Canyon
31.1%
Question Answer % Correct
What is Cece's mom's first name?Georgia
23.7%
What was Flynn's fish's name?Mr. Goldberg
23%
How much money does Ty get for taking Tinka on a date?$50
21.9%
What does Cece make for her science fair project?A giant thumb
20.1%
How much money do Cece and Rocky make a week?$40
18.4%
What school do Cece and Rocky go to?John Hughes High School
18.2%
Who does Flynn think is in his kitchen cabinet?Madonna
16.6%
Where do Ty and Tinka go on their date?The Pickle Museum
16.4%
What does Gunther have a backup have in his sock?Betwinkler
15.7%
What are Cece and Rocky's families taking on their trip?The Road Shark 3000
13.9%
Who does Flynn have a crush on?Destiny
12%
Why didn't Ty want to be on Shake it Up?He doesn't dance for the man
8.5%

You're not logged in!

Compare scores with friends on all Sporcle quizzes.
Sign Up with Email
OR
Log In

You Might Also Like...

Show Comments

Extras

Top Quizzes Today


Score Distribution

Your Account Isn't Verified!

In order to create a playlist on Sporcle, you need to verify the email address you used during registration. Go to your Sporcle Settings to finish the process.

Report this User

Report this user for behavior that violates our Community Guidelines.

Details: